<?xml version="1.0" encoding="UTF-8"?>
<record
    xmlns:xsi="http://www.w3.org/2001/XMLSchema-instance"
    xsi:schemaLocation="http://www.loc.gov/MARC21/slim http://www.loc.gov/standards/marcxml/schema/MARC21slim.xsd"
    xmlns="http://www.loc.gov/MARC21/slim">

  <leader>01363nam0a2200337   4500</leader>
  <controlfield tag="001">RU\NLR\bibl\183218</controlfield>
  <controlfield tag="005">20260406050649.0</controlfield>
  <datafield tag="010" ind1=" " ind2=" ">
    <subfield code="a">5-288-01401-9</subfield>
    <subfield code="9">200</subfield>
  </datafield>
  <datafield tag="035" ind1=" " ind2=" ">
    <subfield code="a">(NLR Aleph) 000179825</subfield>
  </datafield>
  <datafield tag="090" ind1=" " ind2=" ">
    <subfield code="a">1038004</subfield>
    <subfield code="c">1038004</subfield>
  </datafield>
  <datafield tag="100" ind1=" " ind2=" ">
    <subfield code="a">20010914d1997    |||y0rusy50      ca</subfield>
  </datafield>
  <datafield tag="101" ind1="0" ind2=" ">
    <subfield code="a">rus</subfield>
    <subfield code="e">rus</subfield>
    <subfield code="e">eng</subfield>
  </datafield>
  <datafield tag="102" ind1=" " ind2=" ">
    <subfield code="a">RU</subfield>
  </datafield>
  <datafield tag="105" ind1=" " ind2=" ">
    <subfield code="a">a   |||||||||</subfield>
  </datafield>
  <datafield tag="200" ind1="1" ind2=" ">
    <subfield code="a">&#x424;&#x438;&#x437;&#x438;&#x43A;&#x430; &#x438; &#x445;&#x438;&#x43C;&#x438;&#x44F; &#x430;&#x442;&#x43C;&#x43E;&#x441;&#x444;&#x435;&#x440;&#x43D;&#x44B;&#x445; &#x430;&#x44D;&#x440;&#x43E;&#x437;&#x43E;&#x43B;&#x435;&#x439;</subfield>
    <subfield code="e">[&#x421;&#x431;. &#x441;&#x442;.]</subfield>
    <subfield code="f">&#x41F;&#x43E;&#x434; &#x440;&#x435;&#x434;. &#x434;.&#x444;.-&#x43C;.&#x43D;. &#x41B;.&#x421;. &#x418;&#x432;&#x43B;&#x435;&#x432;&#x430;</subfield>
  </datafield>
  <datafield tag="210" ind1=" " ind2=" ">
    <subfield code="a">&#x421;&#x41F;&#x431;.</subfield>
    <subfield code="c">&#x418;&#x437;&#x434;-&#x432;&#x43E; &#x421;&#x41F;&#x431;&#x413;&#x423;</subfield>
    <subfield code="d">1997</subfield>
  </datafield>
  <datafield tag="215" ind1=" " ind2=" ">
    <subfield code="a">295 &#x441;.</subfield>
    <subfield code="c">&#x438;&#x43B;.</subfield>
    <subfield code="d">19</subfield>
  </datafield>
  <datafield tag="225" ind1="1" ind2=" ">
    <subfield code="a">&#x41F;&#x440;&#x43E;&#x431;&#x43B;&#x435;&#x43C;&#x44B; &#x444;&#x438;&#x437;&#x438;&#x43A;&#x438; &#x430;&#x442;&#x43C;&#x43E;&#x441;&#x444;&#x435;&#x440;&#x44B;</subfield>
    <subfield code="e">&#x41C;&#x435;&#x436;&#x432;&#x443;&#x437;. &#x441;&#x431;.</subfield>
    <subfield code="f">&#x421;.-&#x41F;&#x435;&#x442;&#x435;&#x440;&#x431;. &#x433;&#x43E;&#x441;. &#x443;&#x43D;-&#x442;</subfield>
    <subfield code="x">0552-2056</subfield>
    <subfield code="v">&#x412;&#x44B;&#x43F;.20</subfield>
  </datafield>
  <datafield tag="320" ind1=" " ind2=" ">
    <subfield code="a">&#x411;&#x438;&#x431;&#x43B;&#x438;&#x43E;&#x433;&#x440;. &#x432; &#x43A;&#x43E;&#x43D;&#x446;&#x435; &#x441;&#x442;.</subfield>
  </datafield>
  <datafield tag="606" ind1="0" ind2=" ">
    <subfield code="a">&#x410;&#x44D;&#x440;&#x43E;&#x437;&#x43E;&#x43B;&#x438; &#x432; &#x430;&#x442;&#x43C;&#x43E;&#x441;&#x444;&#x435;&#x440;&#x435;</subfield>
    <subfield code="j">&#x421;&#x431;&#x43E;&#x440;&#x43D;&#x438;&#x43A;&#x438;</subfield>
    <subfield code="9">1037867</subfield>
    <subfield code="3">RU\NLR\auth\6681295</subfield>
  </datafield>
  <datafield tag="606" ind1="0" ind2=" ">
    <subfield code="a">&#x410;&#x44D;&#x440;&#x43E;&#x437;&#x43E;&#x43B;&#x438; &#x430;&#x442;&#x43C;&#x43E;&#x441;&#x444;&#x435;&#x440;&#x43D;&#x44B;&#x435;</subfield>
    <subfield code="j">&#x421;&#x431;&#x43E;&#x440;&#x43D;&#x438;&#x43A;&#x438;</subfield>
    <subfield code="9">2080365</subfield>
    <subfield code="3">RU\NLR\auth\661256287</subfield>
  </datafield>
  <datafield tag="686" ind1=" " ind2=" ">
    <subfield code="a">&#x414;232.2&#x44F;43</subfield>
  </datafield>
  <datafield tag="702" ind1=" " ind2="1">
    <subfield code="4">340</subfield>
    <subfield code="8">rus</subfield>
    <subfield code="7">ca</subfield>
    <subfield code="a">&#x418;&#x432;&#x43B;&#x435;&#x432;</subfield>
    <subfield code="b">&#x41B;. &#x421;.</subfield>
    <subfield code="f">1936-</subfield>
    <subfield code="g">&#x41B;&#x435;&#x432; &#x421;&#x435;&#x43C;&#x435;&#x43D;&#x43E;&#x432;&#x438;&#x447;</subfield>
    <subfield code="3">RU\NLR\AUTH\776108</subfield>
    <subfield code="9">116063</subfield>
  </datafield>
  <datafield tag="801" ind1=" " ind2="0">
    <subfield code="a">RU</subfield>
    <subfield code="b">NLR</subfield>
    <subfield code="c">20010914</subfield>
    <subfield code="g">PSBO</subfield>
  </datafield>
  <datafield tag="801" ind1=" " ind2="1">
    <subfield code="a">RU</subfield>
    <subfield code="b">NLR</subfield>
    <subfield code="c">20010914</subfield>
  </datafield>
  <datafield tag="852" ind1=" " ind2=" ">
    <subfield code="a">NLR</subfield>
    <subfield code="j">&#x41F;7/964</subfield>
  </datafield>
  <datafield tag="942" ind1=" " ind2=" ">
    <subfield code="c">BOOK</subfield>
  </datafield>
  <datafield tag="980" ind1=" " ind2=" ">
    <subfield code="a">NB</subfield>
  </datafield>
  <datafield tag="995" ind1=" " ind2=" ">
    <subfield code="5">2013-10-26</subfield>
    <subfield code="b">NLR01</subfield>
    <subfield code="c">NLR01</subfield>
    <subfield code="e">RJF</subfield>
    <subfield code="f">179825-10</subfield>
    <subfield code="k">&#x41F;7/964</subfield>
    <subfield code="o">0</subfield>
    <subfield code="r">BOOK</subfield>
    <subfield code="s">7964_</subfield>
  </datafield>
  <datafield tag="995" ind1=" " ind2=" ">
    <subfield code="5">2014-02-27</subfield>
    <subfield code="a">aa</subfield>
    <subfield code="b">NLR01</subfield>
    <subfield code="c">NLR01</subfield>
    <subfield code="e">NZ4</subfield>
    <subfield code="f">1-2637454</subfield>
    <subfield code="k">&#x41D;&#x437;  &#x414;23/&#x41F;-781</subfield>
    <subfield code="o">0</subfield>
    <subfield code="r">BOOK</subfield>
    <subfield code="s">_23781</subfield>
  </datafield>
  <datafield tag="995" ind1=" " ind2=" ">
    <subfield code="5">2014-08-11</subfield>
    <subfield code="a">aa</subfield>
    <subfield code="b">NLR01</subfield>
    <subfield code="c">NLR01</subfield>
    <subfield code="e">OZ4</subfield>
    <subfield code="f">1-619515</subfield>
    <subfield code="k">&#x422;1 &#x414;23/&#x424;-503</subfield>
    <subfield code="o">0</subfield>
    <subfield code="p">516.00</subfield>
    <subfield code="r">BOOK</subfield>
    <subfield code="s">1_23503</subfield>
  </datafield>
</record>
